| 000 | 00795cam a2200265 a 4500 | ||
|---|---|---|---|
| 001 | 3466 | ||
| 005 | 20250327100549.0 | ||
| 020 | _a9780545004930 | ||
| 040 |
_aDLC _cDLC _dDLC _beng |
||
| 050 | 0 | 0 |
_aPZ7.M462 _b1987 |
| 082 | 0 | 0 | _a428.6 |
| 100 | 1 |
_aMayer, Mercer _d1943- |
|
| 245 | 1 | 0 |
_aJust a mess / _cby Mercer Mayer |
| 250 | _aFirst Scholastic printing , April 2007 | ||
| 260 |
_aNew York : _bScholastic, _c1987 |
||
| 300 |
_a24 unnumbered pages : _bcolor illustrations ; _c21 cm. |
||
| 490 | 1 | _a Little Critter | |
| 505 | _aJ | ||
| 520 | _aA boy cleans up his messy room to try to find his baseball mitt. | ||
| 521 |
_a480
_bLexile AD |
||
| 521 |
_aJ
_bRaz-Plus |
||
| 650 | 1 |
_achores _vFiction |
|
| 906 |
_a7 _bcbc _corignew _d2 _eopcn _f19 _gy-gencatlg |
||
| 942 |
_2ddc _cBK _n0 |
||
| 999 |
_c3466 _d3466 |
||